000 00792cam a2200265 i 4500
001 17519121
003 OSt
005 20180116183022.0
008 121105t20131969mau 000 1 eng
010 _a 2012040356
020 _a9780547572642 (pbk.)
040 _aDLC
_beng
_cDLC
_erda
_dDLC
042 _apcc
050 0 0 _aPS3554.I3
_bG29 2013
082 0 0 _a813.54 DIC 1969
_223
100 1 _aDick, Philip K.
245 1 0 _aGalactic Pot-healer /
_cPhilip K. Dick.
250 _aFirst Mariner Books edition.
260 _bBerkley
_c1969
300 _a148 pages ;
_c21 cm
655 7 _aScience fiction.
_2gsafd
906 _a7
_bcbc
_corignew
_d1
_eecip
_f20
_gy-gencatlg
942 _2ddc
_cBK
999 _c350628
_d350628